| 000 | 01804nam0a2200349 4500 | ||
|---|---|---|---|
| 001 | RU\NLR\BIBL_A\011964946 | ||
| 005 | 20190415104953.0 | ||
| 010 |
_a978-5-00140-155-1 _950 |
||
| 021 |
_aRU _bКН-П-19-011803 _9КН-П-19-0881 |
||
| 035 | _a(NLR Aleph) 011964946 | ||
| 035 | _a(RuMoRGB)009899166 | ||
| 090 |
_a11224918 _c11224918 |
||
| 100 | _a20190320d2018 u y0rusy50 ca | ||
| 101 | 0 | _arus | |
| 102 | _aRU | ||
| 105 | _aa|||z|||000zy | ||
| 200 | 1 |
_aМетодика обследования больного _eучебное пособие _fЛ. П. Емелина, Н. Ю. Папшицкая, Н. С. Тома _gГосударственное бюджетное образовательное учреждение высшего образования "Саратовский государственный медицинский университет имени В. И. Разумовского" Министерства здравоохранения Российской Федерации (ГБОУ ВО Саратовский ГМУ им. В. И. Разумовского Минздрава России) |
|
| 205 | _aИзд. 2-е | ||
| 210 |
_aСаратов _cАмирит _d2018 |
||
| 215 |
_a97 с. _cил., табл. _d21 |
||
| 320 | _aБиблиогр.: с. 96-97 (6 назв.) | ||
| 606 | 1 |
_aБольные _jУчебные издания для высших учебных заведений _xОбследование _9963024 _3RU\NLR\AUTH\6641024 |
|
| 686 | 1 | _aР342я73 | |
| 686 | 1 | _aР343я73 | |
| 700 | 1 |
_aЕмелина _bЛ. П. |
|
| 701 | 1 |
_aПапшицкая _bН. Ю. _gНаталия Юрьевна |
|
| 701 | 1 |
_aТома _bН. С. |
|
| 942 | _cBOOK | ||
| 980 | _aNBR | ||
| 980 | _aNB | ||